LEADER 01531nam 2200577 n 450 001 9910671119903321 005 20221107230917.0 010 $a1-4492-0828-2 010 $a0-585-48867-3 035 $a(CKB)111087028324120 035 $a(ItFiC)it 02476973 035 $a(SSID)ssj0001029237 035 $a(PQKBManifestationID)11571977 035 $a(PQKBTitleCode)TC0001029237 035 $a(PQKBWorkID)11033021 035 $a(PQKB)11567611 035 $a(MiAaPQ)EBC3158320 035 $a(OCoLC)955350108 035 $a(FlNmELB)ELB53655 035 $a(EXLCZ)99111087028324120 100 $a20201210e2002 || | 101 0 $aspa 135 $aurcn||||||||| 181 $ctxt 182 $cc 183 $acr 200 10$aSistemas juri?dicos y conflictos normativos$b[recurso electronico] /$fMario Rui?z Sanz 210 $aMadrid $cDykinson$d2002 215 $aP. 1-160 300 $aBibliographic Level Mode of Issuance: Monograph 311 $a84-8155-906-7 606 $aDerecho 606 $aNormas 606 $aConflictos 606 $aRights 606 $aLaw. 615 4$aDerecho. 615 4$aNormas. 615 4$aConflictos. 615 4$aRights. 615 4$aLaw. 676 $a340 700 $aRui?z Sanz$b Mario$01334658 712 02$ae-libro, Corp. 801 0$bMiAaPQ 801 1$bMiAaPQ 801 2$bMiAaPQ 906 $aBOOK 912 $a9910671119903321 996 $aSistemas juri?dicos y conflictos normativos$93046607 997 $aUNINA LEADER 01908cam a22003737i 4500 001 991002973809707536 005 20250430125930.0 008 940805s1818 enkacef b 000 0 eng d 035 $ab14262757-39ule_inst 035 $aCICOGNARA-0358$9ExL 040 $aBibl. Interfacoltà T. Pellegrino$bita 100 1 $aAldrich, Henry$d<1647-1710>$0716427 245 13$aThe elements of civil architecture :$baccording to Vitruvius and other ancients, and the most approved practice of modern authors especially Palladio.$cBy Henry Aldrich ... Translated by the Rev. Philip Philip Smyth ... 250 $a2nd ed. 260 $aOxford :$bprinted by W. Baxter, for J. Parker ... [ecc.],$c1818$e(Oxford :$fBaxter printer). 300 $aviii, 151 p., LV c. di tav. :$bant. (ritr.), ill., piante :; $c24 cm 500 $aAntiporta calcografica incisa da C. Heath su disegno di G. Kneller. 500 $aRiproduzione in microfiche dell'originale conservato presso la Biblioteca Apostolica Vaticana 504 $aIndicazioni bibliografiche nelle note. 600 04$aVitruvius Pollio,$dsec. I a.C. 600 14$aPalladio, Andrea,$d1508-1580 650 4$aArchitettura antica 650 4$aArchitettura$zItalia$ySec. XVI 700 1 $aSmyth, Philip> 700 1 $aKneller, Godfrey,$cSir$d<1646-1723> 700 1 $aHeath, Charles,$cil Vecchio$d<1785-1848> 787 18$iLeopoldo Cicognara Program :$tBiblioteca Cicognara$h[microform] : literary sources in the history of art and kindred subjects 787 18$tCatalogo ragionato dei libri d'arte e d'antichità / Leopoldo Cicognara 907 $a.b14262757$b01-04-22$c28-07-16 912 $a991002973809707536 945 $aLE002 SB Raccolta Cicognara, mcrf 396$g0$lle002$pE0.00$rn$so $t11$u0$v0$w0$x0$y.i15733567$z28-07-16 996 $aElements of civil architecture$91388369 997 $aUNISALENTO 998 $ale002$b28-07-16$cm$dg $e-$feng$genk$h3$i1